Труды научно-исследовательских учреждений Гидрометслужбы СССР. Вып.1: Спокойные солнечно-суточные вариации земного магнетизма (Запись № 4535053)

Подробности
000 -МАРКЕР
контрольное поле 01438nam2a22002771 4500
001 - ИДЕНТИФИКАТОР ЗАПИСИ
контрольное поле RU\NLR\INFOCOMM31\5000037958
005 - ИДЕНТИФИКАТОР ВЕРСИИ
контрольное поле 20250810041552.0
035 ## - ДРУГИЕ СИСТЕМНЫЕ НОМЕРА
Идентификатор записи (NLR Aleph) 002358556
100 ## - ДАННЫЕ ОБЩЕЙ ОБРАБОТКИ
Данные общей обработки 20041123d1941 u y0rusy50 ca
101 0# - ЯЗЫК РЕСУРСА
Язык текста, звукозаписи и т.д. русский
102 ## - СТРАНА ПУБЛИКАЦИИ ИЛИ ПРОИЗВОДСТВА
Страна публикации российская федерация
105 ## - ПОЛЕ КОДИРОВАННЫХ ДАННЫХ: ТЕКСТОВЫЕ МАТЕРИАЛЫ, МОНОГРАФИЧЕСКИЕ
Кодированные данные о монографическом текстовом документе y ||||000|y
200 1# - ЗАГЛАВИЕ И СВЕДЕНИЯ ОБ ОТВЕТСТВЕННОСТИ
Основное заглавие Спокойные солнечно-суточные вариации земного магнетизма
Первые сведения об ответственности Н.П. Бенькова
Последующие сведения об ответственности Науч.-исслед. ин-т земного магнетизма
210 ## - ПУБЛИКАЦИЯ, РАСПРОСТРАНЕНИЕ И ДР.
Дата издания, распространения и т.д. 1941
461 #0 - УРОВЕНЬ НАБОРА
Встроенное поле 001RU\NLR\INFOCOMM31\5000037949
-- 2001#$aТруды научно-исследовательских учреждений Гидрометслужбы СССР$hСерия 6$iЗемной магнетизм$vВып.1
Системный номер (АБИС) связанной записи 4535040
Автор СССР. Главное управление гидрометеорологической службы
Место публикации Л.
Дата публикации 1941-1946
Номер части Серия 6
Заглавие части Земной магнетизм
Имя издателя, распространителя и т.д. Гидрометеоиздат
Заглавие Труды научно-исследовательских учреждений Гидрометслужбы СССР
Номер тома Вып.1
700 #1 - ИМЯ ЛИЦА - ПЕРВИЧНАЯ ОТВЕТСТВЕННОСТЬ
Начальный элемент ввода Бенькова
Часть имени, кроме начального элемента ввода Н.П.
Код отношения Автор
801 #1 - ИСТОЧНИК ЗАПИСИ
Страна российская федерация
Организация InfoComm
Дата составления 20041123
801 #0 - ИСТОЧНИК ЗАПИСИ
Страна российская федерация
Организация NLR
Правила каталогизации PSBO
852 ## - МЕСТОНАХОЖДЕНИЕ И ШИФР ХРАНЕНИЯ
Идентификатор организации NLR
Наименование фонда или коллекции (Sub-Location Identifier) Гн10
Шифр хранения (Call Number) Г-8/2
942 ## - ДОПОЛНИТЕЛЬНЫЕ ЭЛЕМЕНТЫ ЗАПИСИ (АБИС)
Тип экземпляра АБИС Выпуск
945 ## - Информацию об издании предоставили:
Полное название организации, предоставившей материал Российская национальная библиотека
980 ## - КОЛЛЕКЦИЯ
Название коллекции Национальная библиография
980 ## - КОЛЛЕКЦИЯ
Название коллекции Библиография Победы
980 ## - КОЛЛЕКЦИЯ
Название коллекции Русская периодика

Нет доступных экземпляров.